|
|
|
|
| LEADER |
00865cam a2200265 7i4500 |
| 001 |
0000074557 |
| 005 |
20230119090000.0 |
| 020 |
|
|
|a 0813378648
|
| 090 |
0 |
0 |
|a HM101
|b .T84 1990
|
| 100 |
1 |
|
|a Thompson, Michael
|
| 245 |
1 |
0 |
|a Cultural theory
|c Michael Thompson, Richard Ellis, Aaron Wildavsky.
|
| 264 |
|
|
|a Boulder, Colorado:
|b Westview Press,
|c 1990.
|
| 300 |
|
|
|a xvi, 296 pages:
|b illustrations;
|c 24 cm.
|
| 336 |
|
|
|a text
|2 rdacontent
|
| 337 |
|
|
|a unmediated
|2 rdamedia
|
| 338 |
|
|
|a volume
|2 rdacarrier
|
| 504 |
|
|
|a Includes bibliographical references and index
|
| 650 |
0 |
0 |
|a Typology (Psychology)
|
| 650 |
|
0 |
|a Social change
|
| 650 |
|
0 |
|a Culture
|
| 650 |
0 |
0 |
|a Personality and culture
|
| 700 |
1 |
|
|a Ellis, Richard
|
| 700 |
1 |
|
|a Wildavsky, Aaron B.
|
| 997 |
|
|
|a Business & Accountancy, Faculty
|
| 999 |
|
|
|a 0000069868
|b BOK
|c OPEN SHELF
|e 1st Floor, Shah Alam
|